El pecado del mundo /
Guardado en:
| Autor Principal: | |
|---|---|
| Formato: | Libro |
| Publicado: |
Buenos Aires] :
Nuestro Mundo,
1954
|
| Materias: | |
| Etiquetas: |
Agregar Etiqueta
Sin Etiquetas, Sea el primero en etiquetar este registro!
|
| LEADER | 00489nam a22001815a 4500 | ||
|---|---|---|---|
| 001 | CEM.cems004285 | ||
| 005 | 20060216000000.0 | ||
| 008 | 130507s1954##################000#0#####d | ||
| 003 | CEMS | ||
| 082 | 0 | 4 | |a 843.9 |
| 100 | 1 | |a Meersch, Maxence Van Der | |
| 245 | 1 | 0 | |a El pecado del mundo / |
| 260 | |a Buenos Aires] : |b Nuestro Mundo, |c 1954 | ||
| 300 | |a 237 p. | ||
| 653 | |a Literatura | ||
| 653 | |a Novela francesa | ||
| 653 | |a Novelas | ||
| 859 | |a CEMS |b BIB. CEMS - 11 de abril |h 843.9 |i M471 |p 12065.83 |t Ej.1 | ||
